000 00584nam a2200181 i 4500
001 121286
003 ES-MaACL
005 20260310170931.0
007 t|
008 070214s1934 xxk r ||||1| eng d
100 1 _aPope-Hennessy, Una.
_993086
245 1 0 _aEdgar Allan Poe
_b: 1809-1849 : a critical biography /
_cby Una Pope-Hennessy.
260 _aLondon :
_bMacmillan and Co,
_c1934.
300 _aXII, 342 p., 1 lám. :
_b`retr. aut.` ;
_c22 cm.
600 1 7 _aPoe, Edgar Allan,
_d1809-1849-
_xBiografías
_2
_9146355
852 _aES-MaACL
_jA-2850
999 _c121286
_d121286